Une ville,un indice - Statistiques

Statistiques générales
  • Ce quiz a été pris 75 fois
  • Le résultat moyen est 7 sur 10
Statistiques - réponses
Indices Ville % Correct
Ville considérée comme sainte par les 3 religions dites "abrahamiques". Jérusalem
88%
Ville la plus peuplée du Canada. Toronto
87%
Capitale du Japon avant Tokyo. Kyoto
86%
Ville italienne autrefois dominée par la famille Médicis. Florence
83%
Ville américaine qui s'appelait autrefois Nouvelle-Amsterdam. New York
81%
Cette ville fut fondée au 17ème Siècle par le Tsar Pierre Ier le Grand. Saint-Pétersbourg
74%
L'Afrique du Sud possède 3 capitales différentes : Le Cap, Bloemfontein et..... Pretoria
64%
Ville du Moyen-Orient réputée pour son savon. Alep
54%
Ville française abritant la plus grande cathédrale de France. Amiens
46%
Ville accueillant les Jeux Olympiques d'été en 2032. Brisbane
30%
Aucun quiz correspondant
Distribution des résultats
% des personnes avec chaque résultat
Percentile par nombre de réponses
Votre historique - résultats
Vous n’avez pas pris ce quiz